| 000 | 00508nam a22001577a 4500 | ||
|---|---|---|---|
| 005 | 20260318164352.0 | ||
| 008 | 260318b |||||||| |||| 00| 0 eng d | ||
| 020 | _a9780130224743 | ||
| 050 |
_aHD31 _b.C4125 |
||
| 100 | _aCerto, Samuel C. | ||
| 245 |
_aModern Management: _bdiversity, quality, ethics & the global environment _cSamuel C. Certo |
||
| 250 | _a8th ed. | ||
| 260 |
_aUpper Saddle River, New Jersey _bPrentice Hall _c2000 |
||
| 300 |
_axxi. 598p. _bill. color _c27.5cm |
||
| 942 |
_2lcc _cBK _e8th ed. _n0 |
||
| 999 |
_c9104 _d9104 |
||